LEADER 01610nam a2200301 i 4500 001 000000172881 003 CaOOAMICUS 005 20090318000000.0 008 090318s1990 it u000 u mul u 013 $a150325 020 $a88-343-8241-2 040 $aSeMil$bita 245 10$aNon autosufficienza dell'anziano :$bstrategie operative e sistema sanitario nazionale a confronto : atti del convegno internazionale : Roma, 13-14-15 giugno 1988 /$c; a cura di Pierugo Carbonin ; Roberto Bernabei. 260 $aMilano :$bVita e Pensiero,$c1990. 300 $a491 p. ;$c22 cm. 500 $aIn testa al front. : Italsanità. Gruppo IRI-Italstat, Università Cattolica del Sacro Cuore. - Fondo card. Giovanni Colombo. 650 4$aAnziani - Assistenza sanitaria.$0(OLS)http://semarc/subject/19442 650 4$aAnziani - Assistenza.$0(OLS)http://semarc/subject/24889 650 4$aAnziani - Assistenza sociale.$0(OLS)http://semarc/subject/32908 700 1 $aBernabei, Roberto.$0(OLS)http://semarc/name/7262 700 1 $aCarbonin, Pierugo.$0(OLS)http://semarc/name/64619 850 $aSeMil 852 $aSeMil$W1$xVenegono$y1$m3XK IV 23$j123733$B123733$CSeMilBibl$Z2$F142828 $81 941 1 $a3 961 $aLascito: Colombo Card. Giovanni 996 $6020$a88-343-8241-2$9(OLS)http://semarc/number/160434 996 $6245$aNon autosufficienza dell'anziano :$bstrategie operative e sistema sanitario nazionale a confronto : atti del convegno internazionale : Roma, 13-14-15 giugno 1988$9(OLS)http://semarc/title/247672 996 $6260$aMilano :$bVita e Pensiero$9(OLS)http://semarc/publisher/29642 LEADER 00679nam a2200193 i 4500 001 000000022266 003 CaOOAMICUS 005 20180830125445.0 008 180830s1945 it u000 u ita u 040 $aSeMil$bita 245 10$aActa Reginae Montis Oropae. 260 $aBugellae :$bTipografia dell'Unione Biellese,$c1945. 300 $av. ;$c36 cm. 500 $aEsemplare n.2 di 100. 650 4$aBiella - Storia.$0(OLS)http://semarc/subject/3499 774 0 $tTomus 1.$w()182489 774 0 $tTomus 2.$w()182490 996 $6245$aActa Reginae Montis Oropae$9(OLS)http://semarc/title/29679 996 $6260$aBugellae :$bTipografia dell'Unione Biellese$9(OLS)http://semarc/publisher/35687